ბათუმის შოთა რუსთაველის სახელმწიფო უნივერსიტეტის ბიბლიოთეკა

ქვის თაღოვანი ხიდები აჭარაში = Stone Arch Bridge in Ajara : (ბიბ.ჩანაწერი № 61393)

000 -ლიდერი
ფიქსირებული სიგრძის საკონტროლო ველი 01346nam a22002177a 4500
003 - საკონტროლო ნომრის იდენტიფიკატორი
საკონტროლო ველი Ge_BSU
005 - ბოლო ოპერაციის თარიღი და დრო
საკონტროლო ველი 20240305162717.0
008 - ფიქსირებული სიგრძის მონაცემთა ელემენტები - ზოგადი ინფორმაცია
ფიქსირებული სიგრძის საკონტროლო ველი 240305s2023 ge ||||| |||| 00| 0 geo d
020 ## - წიგნის საერთაშორისო სტანდარტული ნომერი
International Standard Book Number 9789941858611
041 ## - ენის კოდი
Language code of text/sound track or separate title geo
080 ## - უნივერსალური ათობითი კლასიფიკაციის ინდექსი
Universal Decimal Classification number 624.21(479.223) მ-25
100 ## - მთავარი ჩანაწერი - პიროვნების სახელი
Personal name მამულაძე, შოთა
9 (RLIN) 1483
245 ## - ცნობა სათაურის შესახებ
Title ქვის თაღოვანი ხიდები აჭარაში = Stone Arch Bridge in Ajara :
Statement of responsibility, etc შოთა მამულაძე; რედ. ლაშა ასლანიშვილი; აჭარის კულტურულ მემკვიდრეობის დაცვის სააგენტო. სამეცნიერო კვლევით ცენტრი.
264 ## - წარმოების, გამოცემის, დისტრიბუციის და სხვა ცნობები
გამოცემის, წარმოების, დისტრიბუციის... ადგილი ბათუმი :
გამოცემის, წარმოების, დისტრიბუციის... სახელწოდება პრინტჯეო,
გამოცემის, წარმოების, დისტრიბუციის... თარიღი 2023.
300 ## - ფიზიკური აღწერა
Extent 58 გვ.:
Other physical details ილ.;
Dimensions 25 სმ.
504 ## - BIBLIOGRAPHY, ETC. NOTE
Bibliography, etc ბიბლიოგრ. გვ.56-57
653 ## - INDEX TERM--UNCONTROLLED
Uncontrolled term ქვის თაღოვანი ხიდები
700 ## - ADDED ENTRY--PERSONAL NAME
Personal name ასლანიშვილი, ლაშა
Relator term რედაქტორი
9 (RLIN) 21327
710 ## - ADDED ENTRY--CORPORATE NAME
Corporate name or jurisdiction name as entry element აჭარის კულტურულ მემკვიდრეობის დაცვის სააგენტო.
Subordinate unit სამეცნიერო კვლევით ცენტრი.
9 (RLIN) 21328
942 ## - ADDED ENTRY ELEMENTS (KOHA)
Source of classification or shelving scheme
Koha item type წიგნი
ეგზემპლარები
ჩამოწერის სტატუსი დაკარგული ეგზემპლარის სტატუსი კლასიფიკაციის წყარო ან თაროზე გაწყობის სქემა დაზიანების სტატუსი არ გაიცემა მუდმივი მდებარეობა (დაცვის ადგილი) ამჟამინდელი ადგილსამყოფელი თაროზე განთავსების ადგილი შეძენის თარიღი ღირებულება, შესყიდვის ნორმალური ფასი სრული შენახვის შიფრი შტრიხკოდი ბოლო ოპერაციის თარიღი ეგზემპლარის მიმდევრობითი ნომერი (კეტერი?) Uniform Resource Identifier ფასის ძალაში შესვლის თარიღი ეგზემპლარის სახეობა საჯარო შენიშვნა
          ბათუმის შოთა რუსთაველის სახელმწიფო უნივერსიტეტის მთავარი ბიბლიოთეკა ბათუმის შოთა რუსთაველის სახელმწიფო უნივერსიტეტის მთავარი ბიბლიოთეკა წიგნსაცავი 2024-03-05 6.00 624.21(479.223) მ-25 67630 2024-03-05 67630 ნაჩუქარი 2024-03-05 წიგნი 6 ლ.
          ბათუმის შოთა რუსთაველის სახელმწიფო უნივერსიტეტის მთავარი ბიბლიოთეკა ბათუმის შოთა რუსთაველის სახელმწიფო უნივერსიტეტის მთავარი ბიბლიოთეკა წიგნსაცავი 2024-03-05 6.00 624.21(479.223) მ-25 67631 2024-03-05 67631 ნაჩუქარი 2024-03-05 წიგნი 6 ლ.
          ბათუმის შოთა რუსთაველის სახელმწიფო უნივერსიტეტის მთავარი ბიბლიოთეკა ბათუმის შოთა რუსთაველის სახელმწიფო უნივერსიტეტის მთავარი ბიბლიოთეკა წიგნსაცავი 2024-03-05 6.00 624.21(479.223) მ-25 67632 2024-03-05 67632 ნაჩუქარი 2024-03-05 წიგნი 6 ლ.